Pete the cat pete at the beach / (Record no. 5392)
[ view plain ]
| 000 -LEADER | |
|---|---|
| fixed length control field | 01242nam a22002897a 4500 |
| 001 - CONTROL NUMBER | |
| control field | 5392 |
| 003 - CONTROL NUMBER IDENTIFIER | |
| control field | FISKH |
| 005 - DATE AND TIME OF LATEST TRANSACTION | |
| control field | 20241202091419.0 |
| 008 - FIXED-LENGTH DATA ELEMENTS--GENERAL INFORMATION | |
| fixed length control field | 241202b cb ||||| |||| 00| 0 eng d |
| 020 ## - INTERNATIONAL STANDARD BOOK NUMBER | |
| International Standard Book Number | 9780062110725 |
| 040 ## - CATALOGING SOURCE | |
| Original cataloging agency | FISKH |
| Language of cataloging | eng |
| Transcribing agency | FISKH |
| Modifying agency | FISKH |
| 050 ## - LIBRARY OF CONGRESS CALL NUMBER | |
| Classification number | PZ7.D34416 |
| 082 ## - DEWEY DECIMAL CLASSIFICATION NUMBER | |
| Classification number | 813.6 |
| 100 ## - MAIN ENTRY--PERSONAL NAME | |
| Personal name | Dean, James |
| Dates associated with a name | (1957–) |
| 245 ## - TITLE STATEMENT | |
| Title | Pete the cat pete at the beach / |
| Statement of responsibility, etc. | Create by James Dean |
| 250 ## - EDITION STATEMENT | |
| Edition statement | 2013 |
| 260 ## - PUBLICATION, DISTRIBUTION, ETC. | |
| Place of publication, distribution, etc. | New York : |
| Name of publisher, distributor, etc. | Harper, |
| Date of publication, distribution, etc. | 2013. |
| 300 ## - PHYSICAL DESCRIPTION | |
| Extent | 32 pages : |
| Other physical details | Color illustrations ; |
| Dimensions | 23 cm |
| 505 ## - FORMATTED CONTENTS NOTE | |
| Formatted contents note | E |
| 520 ## - SUMMARY, ETC. | |
| Summary, etc. | uvenile Fiction. Juvenile Literature. HTML:<br/>New York Times bestselling author and artist James Dean brings Pete the Cat fans some fun in the sun!<br/><br/>Pete the Cat is one groovy cat at finding shells and building sand castles at the beach. But when it gets too hot, there's only one way to cool off�jump into the ocean! Except Pete might be a scaredy-cat when it comes to the water.<br/><br/>Pete the Cat: Pete at the Beach is a My First I Can Read book, which means it's perfect for shared reading with a child. |
| 521 8# - TARGET AUDIENCE NOTE | |
| Target audience note | 280L<br/> |
| Source | Lexile<br/> |
| 521 8# - TARGET AUDIENCE NOTE | |
| Target audience note | E<br/> |
| Source | Raz-Plus<br/><br/> |
| 650 ## - SUBJECT ADDED ENTRY--TOPICAL TERM | |
| Source of heading or term | Beach |
| Topical term or geographic name entry element | Fiction |
| 650 ## - SUBJECT ADDED ENTRY--TOPICAL TERM | |
| Source of heading or term | Summer |
| Topical term or geographic name entry element | Surfing |
| 942 ## - ADDED ENTRY ELEMENTS (KOHA) | |
| Source of classification or shelving scheme | Dewey Decimal Classification |
| Koha item type | Books |
| Suppress in OPAC | No |
| Withdrawn status | Lost status | Source of classification or shelving scheme | Damaged status | Not for loan | Collection | Home library | Current library | Shelving location | Date acquired | Total Checkouts | Full call number | Barcode | Date due | Date last seen | Date last checked out | Copy number | Price effective from | Koha item type |
|---|---|---|---|---|---|---|---|---|---|---|---|---|---|---|---|---|---|---|
| Dewey Decimal Classification | Fiction | Footprints International School Library Network Toul Kork Campus | Footprints International School Library Network Toul Kork Campus | TK Primary Library Room(4th Floor), Bookcase 7, Shelves 57-60, Dark Green Books | 12/02/2024 | 4 | DEA 813.6 PZ7.D34416 | 2024-2399 | 04/08/2026 | 03/25/2026 | 03/25/2026 | 1 | 12/02/2024 | Books |
